LIBRARY ONLINE CATALOGUE

Microsoft Excel 2000 / (Record no. 5799)

MARC details
000 -LEADER
fixed length control field 01020cam a22002892 4500
001 - CONTROL NUMBER
control field 0000002336
005 - DATE AND TIME OF LATEST TRANSACTION
control field 20151217151850.0
008 - FIXED-LENGTH DATA ELEMENTS--GENERAL INFORMATION
fixed length control field 070410s xx 000 0 eng d
020 ## - INTERNATIONAL STANDARD BOOK NUMBER
International Standard Book Number 0072337397 :
Terms of availability KES 530
040 ## - CATALOGING SOURCE
Original cataloging agency KABU
Transcribing agency KABU
050 #0 - LIBRARY OF CONGRESS CALL NUMBER
Classification number HF5548.4
Item number .M523O296 2001
100 1# - MAIN ENTRY--PERSONAL NAME
Personal name O'Leary, Timothy J.,
Dates associated with a name 1947-.
-- 0000151668
245 10 - TITLE STATEMENT
Title Microsoft Excel 2000 /
Statement of responsibility, etc. Timothy J. O'Leary, Linda I O'Leary.
250 ## - EDITION STATEMENT
Edition statement Introductory ed.
260 ## - PUBLICATION, DISTRIBUTION, ETC. (IMPRINT)
Place of publication, distribution, etc. Boston :
Name of publisher, distributor, etc. Irwin/Mcraw-Hill,
Date of publication, distribution, etc. c2000.
300 ## - PHYSICAL DESCRIPTION
Extent 1 v. (vrious pagings) :
Other physical details col. ill. ;
Dimensions 28 cm.
440 #4 - SERIES STATEMENT/ADDED ENTRY--TITLE
Title The O'Leary series
-- 0000151669
500 ## - GENERAL NOTE
General note Includes index.
650 #0 - SUBJECT ADDED ENTRY--TOPICAL TERM
Topical term or geographic name as entry element Microsoft Excel (Computer file)
-- 0000148315
650 #0 - SUBJECT ADDED ENTRY--TOPICAL TERM
Topical term or geographic name as entry element Business
General subdivision Computer programs.
-- 0000151665
650 #0 - SUBJECT ADDED ENTRY--TOPICAL TERM
Topical term or geographic name as entry element Electronic spreadsheets.
-- 0000147953
700 1# - ADDED ENTRY--PERSONAL NAME
Personal name O'Leary, Linda I.
-- 0000151670
908 ## - PUT COMMAND PARAMETER (RLIN)
Put command parameter 070410
950 ## - LOCAL HOLDINGS (RLIN)
-- 1
Holdings
Withdrawn status Lost status Source of classification or shelving scheme Not for loan Home library Current library Date acquired Total Checkouts Full call number Barcode Date last seen Price effective from Koha item type
    Library of Congress Classification   Kabarak, Main Campus Kabarak, Main Campus 17/12/2015   HF5548.4 .M523O296 2001 003651 02/08/2024 17/12/2015 General Collection
    Library of Congress Classification   Kabarak, Main Campus Kabarak, Main Campus 17/12/2015   HF5548.4 .M523O296 2001 003652 02/08/2024 17/12/2015 General Collection
    Library of Congress Classification   Kabarak, Main Campus Kabarak, Main Campus 17/12/2015   HF5548.4 .M523O296 2001 c. 1 003066 17/12/2015 17/12/2015 General Collection